| 000 | 00807nas a2200277 4500 | ||
|---|---|---|---|
| 001 | BR2010004975 | ||
| 003 | BR-BrBNA | ||
| 005 | 20231205114322.0 | ||
| 007 | ta | ||
| 008 | 230509b bl.|||p| |||| 00| 00por d | ||
| 040 |
_aBR-BrBNA _bpor _cBiblioteca Nacional de Agricultura |
||
| 041 | _a(En) | ||
| 072 | _aH20 | ||
| 100 | 1 | _aPose, G.N. | |
| 100 | 1 | _aLudemman, V. | |
| 100 | 1 | _aFernandez, D. | |
| 100 | 1 | _aSegura, J.A. | |
| 100 | 1 | _aPinto, V.F. | |
| 245 | 1 | _aAlternaria species associated with "moldy heart" on peaches in Argentina | |
| 650 | _aPÊSSEGO | ||
| 650 | _aALTERNARIA | ||
| 650 | _aPODRIDÃO | ||
| 773 | 0 |
_tTropical Plant Pathology (Brazil) _xISSN 1982-5676 _g(May-Jun 2010), v. 35(3) p. 174-177 _wBR2010004975 |
|
| 909 |
_a202311 _bLúcia _c55 _dLúcia Elande |
||
| 942 |
_2AGRIS _n0 _cANA |
||
| 999 |
_c208209 _d208209 |
||